49 easy electronic projects for the 747 dual op amp (Record no. 11036)

000 -LEADER
fixed length control field 00520nam a2200193 a 4500
001 - CONTROL NUMBER
control field 11036
003 - CONTROL NUMBER IDENTIFIER
control field BD-DhUET
008 - FIXED-LENGTH DATA ELEMENTS--GENERAL INFORMATION
fixed length control field 900806s1991 paua f 001 0 eng
020 ## - INTERNATIONAL STANDARD BOOK NUMBER
International Standard Book Number 0830634584
040 ## - CATALOGING SOURCE
Original cataloging agency DLC
Transcribing agency DLC
Modifying agency BD-DhUET
082 00 - DEWEY DECIMAL CLASSIFICATION NUMBER
Classification number 623.815
Item number HOR/1991
100 1# - MAIN ENTRY--PERSONAL NAME
Personal name Horn, Delton T.
245 10 - TITLE STATEMENT
Title 49 easy electronic projects for the 747 dual op amp
250 ## - EDITION STATEMENT
Edition statement 1st ed.
260 ## - PUBLICATION, DISTRIBUTION, ETC. (IMPRINT)
Place of publication, distribution, etc. Blue Ridge Summit
Name of publisher, distributor, etc. TAB Books
Date of publication, distribution, etc. 1991
300 ## - PHYSICAL DESCRIPTION
Extent x, 175 p.
Other physical details ill.
Dimensions 25 cm.
650 #0 - SUBJECT ADDED ENTRY--TOPICAL TERM
Topical term or geographic name as entry element Operational amplifiers
942 ## - ADDED ENTRY ELEMENTS (KOHA)
Koha item type General Book
Holdings
Location (home branch) Withdrawn status Lost status Koha date last seen Koha item type Sublocation or collection (holding branch) Source of classification or shelving scheme Not for loan Date acquired Piece designation (barcode) Shelving location Koha normalized classification for sorting Koha full call number Price effective from Damaged status Copy number
Central Library, BUET  2015-02-12General BookCentral Library, BUET  2015-02-1286607Circulation section623_815000000000000_HOR_1991623.815/HOR/19912015-02-12 1